000 00610nam a22002057a 4500
003 DO-SdBNP
005 20171117143358.0
008 171117b 1995 |||| 00| 0 spa d
020 _a1563281066
040 _aBPMSU
_bspa
_cBPMSU
082 _axxxxx
_bxxxxx
100 1 _aRivera, Félix Joaquín
245 1 3 _aLa muñeca de chocolate /
_cFélix Joaquín Rivera
260 _aPuerto Rico :
_bPlaza Mayor,
_c1995.
300 _a192 p. :
_bil. ;
_c21 cm.
490 1 _aBiblioteca de autores de Puerto Rico
830 0 _aBiblioteca de autores de Puerto Rico
942 _2ddc
_cBK
956 _aBTAVAREZ
_b10
_c20171117
_d0038
999 _c12944
_d12944